01857nam a2200493 i 450000100060000000300080000600500170001400600190003100700150005000800410006502000270010602000180013303500230015103500240017403500250019803500210022304000310024405000260027508000070030108200190030810000250032724500980035226400510045030000410050133600310054233700330057333800430060649000310064950000220068050400290070258801280073159001640085965000240102365000280104765000290107565000310110465000410113565000300117665500270120679700190123383000320125285600620128499900170134637313FlNmELB20241216221505.0m o d | cr cnu||||||||141230s2009 pe ob 001 0 spa d a9781413559248 (e-book) z9789972512520 a(MiAaPQ)EBC3226482 a(Au-PeEL)EBL3226482 a(CaPaEBR)ebr10995654 a(OCoLC)929775527 aFINmELBbspaerdacFINmELB 4aHD5761.A6b.P573 2009 a330 a331.1209852231 aPhélinas, Pascale.10aEmpleo alternativo en el Perú rural :bun camino hacia el desarrollo /cPascale Phélinas. 1aLima :bInstituto de Estudios Peruanos,c2009. a1 recurso en línea (234 páginas) atextobtxt2rdacontent/spa acomputadorabc2rdamedia/spa arecurso en líneabcr2rdacarrier/spa1 aColección Mínima ;v62 aIncluye índice. aContiene bibliografía. aDescripción basada en recurso en línea; Título de la página del título en PDF (e-libro, visto December 30, 2014). aRecurso electrónico. Santa Fe, Arg.: e-libro, 2015. Disponible vía World Wide Web. El acceso puede estar limitado para las bibliotecas afiliadas a e-libro. 0aLabor supplyzPeru. 0aManpower policy, Rural. 0aRural developmentzPeru. 4aOferta de trabajozPerú. 4aPolítica de la mano de obra rural. 4aDesarrollo ruralzPerú. 4aLibros electrónicos.2 ae-libro, Corp. 0aColección Mínima ;v62.40uhttps://elibro.net/ereader/politecnicointernacional/79428 c37313d37313